Qui a peur de l'an 2000? : Guide déducation relative à l'environnement pour le développement durable (Record no. 16093)
[ view plain ]
| 000 -LEADER | |
|---|---|
| fixed length control field | 00767 a2200253 4500 |
| 035 ## - SYSTEM CONTROL NUMBER | |
| System control number | 14466 |
| 035 ## - SYSTEM CONTROL NUMBER | |
| System control number | 14465 |
| 020 ## - NUMERO INTERNATIONAL NORMALISE DES LIVRES | |
| International Standard Book Number | 92-3-203437-9 |
| 100 ## - VEDETTE PRINCIPALE - NOM DE PERSONNE | |
| Personal name | VILLENEUVE, Claude |
| 130 ## - VEDETTE PRINCIPALE - TITRE UNIFORME | |
| Language of a work | Fr. |
| 260 ## - PUBLICATION, DISTRIBUTION, ETC. (IMPRINT) | |
| Place of publication, distribution, etc | Paris |
| 260 ## - PUBLICATION, DISTRIBUTION, ETC. (IMPRINT) | |
| Name of publisher, distributor, etc | UNESCO et Multimondes |
| 245 ## - TITLE STATEMENT | |
| Title | Qui a peur de l'an 2000? : Guide déducation relative à l'environnement pour le développement durable |
| 260 ## - PUBLICATION, DISTRIBUTION, ETC. (IMPRINT) | |
| Date of publication, distribution, etc | 1998 |
| 300 ## - PHYSICAL DESCRIPTION | |
| Extent | XXIV-303 p. |
| 300 ## - PHYSICAL DESCRIPTION | |
| Other physical details | (Couv. ill. en coul.) fig.; 23 cm |
| 650 ## - SUBJECT ADDED ENTRY--TOPICAL TERM | |
| Topical term or geographic name as entry element | <Evironnement et développement> |
| 650 ## - SUBJECT ADDED ENTRY--TOPICAL TERM | |
| Topical term or geographic name as entry element | <Education et environnement> |
| Withdrawn status | Lost status | Damaged status | Not for loan | Location (home branch) | Sublocation or collection (holding branch) | Date acquired | Koha issues (times borrowed) | Koha full call number | Koha date last seen | Price effective from | Koha item type |
|---|---|---|---|---|---|---|---|---|---|---|---|
| Bibliothèque Ecole Polytechnique d'Abomey-Calavi | Bibliothèque Ecole Polytechnique d'Abomey-Calavi | 27/02/2009 | 333.7/V738q | 27/02/2009 | 27/02/2009 | Livre |